000 00675nam a2200229Ii 4500
003 JO-AjNU
008 230605s9999||||xx |||||||||||||| ||und||
017 _a1987/2958
020 _a977-02-2018-3
040 _aJO-AjNU
_bara
_erda
_cJO-AjNU
041 _aara
050 1 4 _aD16.H3 1997
100 3 _aتاليف عثمان، حسن,
_eauthor
_915048
245 0 0 _aمنهج البحث العلمي
250 _aط6
264 3 1 _aالقاهرة: دار المعارف، 1987
300 _a219ص
336 _atext
_btxt
_2rdacontent
337 _aunmediated
_bn
_2rdamedia
338 _avolume
_bnc
_2rdacarrier
650 4 _aمنهج البحث العلمي
_915049
999 _aA4159
_c7727
_d7727